Computer and robot vision / (Record no. 175903)
[ view plain ]
| 000 -LEADER | |
|---|---|
| fixed length control field | 00957 a2200217 4500 |
| 003 - CONTROL NUMBER IDENTIFIER | |
| control field | Nust |
| 005 - DATE AND TIME OF LATEST TRANSACTION | |
| control field | 20221231152443.0 |
| 010 ## - LIBRARY OF CONGRESS CONTROL NUMBER | |
| LC control number | 90025550 |
| 020 ## - INTERNATIONAL STANDARD BOOK NUMBER | |
| International Standard Book Number | 0201108771 (v. 1) |
| 020 ## - INTERNATIONAL STANDARD BOOK NUMBER | |
| International Standard Book Number | 0201569434 (v. 2) |
| 040 ## - CATALOGING SOURCE | |
| Transcribing agency | Nust |
| 082 00 - DEWEY DECIMAL CLASSIFICATION NUMBER | |
| Classification number | 621.399,HAR |
| 100 1# - MAIN ENTRY--PERSONAL NAME | |
| Personal name | Haralick, Robert M. |
| 9 (RLIN) | 39296 |
| 245 10 - TITLE STATEMENT | |
| Title | Computer and robot vision / |
| Statement of responsibility, etc. | Robert M. Haralick, Linda G. Shapiro. |
| 260 ## - PUBLICATION, DISTRIBUTION, ETC. | |
| Place of publication, distribution, etc. | Reading, Mass. : |
| Name of publisher, distributor, etc. | Addison-Wesley Pub. Co., |
| Date of publication, distribution, etc. | c1992-c1993. |
| 300 ## - PHYSICAL DESCRIPTION | |
| Extent | 2 v. : |
| Other physical details | ill. ; |
| Dimensions | 25 cm. |
| 505 ## - FORMATTED CONTENTS NOTE | |
| Formatted contents note | Illumination (Page-1), Perspective Projective Geometry (Page-43), Analytic Photogrametry (Page-125), Motion And Surface Structure From Time Varying Image Sequences (Page-187), Image Matching (Page-289), The Consistent-Labeling Problem (Page-379), Objects Models And Matching (Page-427), Knowledge Based Vision (Page-493), Accuracy (Page-535). |
| 650 #0 - SUBJECT ADDED ENTRY--TOPICAL TERM | |
| Topical term or geographic name entry element | Telecommunication Engineering |
| 700 1# - ADDED ENTRY--PERSONAL NAME | |
| Personal name | Shapiro, Linda G. |
| 9 (RLIN) | 94507 |
| 942 ## - ADDED ENTRY ELEMENTS (KOHA) | |
| Koha item type | Reference |
| Source of classification or shelving scheme | |
| Withdrawn status | Lost status | Source of classification or shelving scheme | Damaged status | Not for loan | Permanent Location | Current Location | Shelving location | Date acquired | Full call number | Barcode | Date last seen | Price effective from | Koha item type | Public note |
|---|---|---|---|---|---|---|---|---|---|---|---|---|---|---|
| Military College of Signals (MCS) | Military College of Signals (MCS) | General Stacks | 12/12/2016 | 621.399,HAR | MCS27934 | 12/08/2016 | 12/12/2016 | Book | Almirah No.40, Shelf No.6 |
